000 00618nam a2200205Ia 4500
005 20250326143937.0
008 250326s9999 xx 000 0 und d
020 _a1-59139-690-5
037 _aTextbook
040 _aFMSL
_beng
_cFMSL
041 _aeng
_2eng
084 _aX:72 P6
_qFMSL
100 _aNorton David P
245 0 _aAlignment :using the balanced scorecard to create corporate synergies
_cNorton David P; Kaplan Robert S
260 _aUSA
_bUSA, Harvard Business School
_c2006
300 _ax,302
365 _b41168.409999999996
942 _cTB
_hX:72 P6
999 _c1301719
_d1301719